Silent revolution : (Registro nro. 5582)

Detalles MARC
000 -CABECERA
Campo de control 01175cam a2200313 a 4500
005 - FECHA Y HORA DE LA ULTIMA TRANSACCION
Campo de control 20160209150732.0
008 - ELEMENTOS DE LONGITUD FIJA—INFORMACION GENERAL
Campo de control 980508s1995 enkab b 001 0 eng d
015 ## - NATIONAL BIBLIOGRAPHY NUMBER
National bibliography number GB95-94634
020 ## - ISBN
ISBN 0304334553
020 ## - ISBN
ISBN 0304334561 (pbk.)
040 ## - FUENTE DE CATALOGACIÓN
Agencia catalogadora original IAY
Agencia transcriptora IAY
Agencia Modificadora GUA
-- UKM
-- DLC
-- CO-BoIAVH
041 ## - IDIOMA
Código de idioma para texto/pista de sonido o título separado Inglés
042 ## - AUTHENTICATION CODE
Authentication code lccopycat
043 ## - GEOGRAPHIC AREA CODE
Geographic area code cl-----
082 00 - NUMERO DE CLASIFICACION DECIMAL DEWEY
Número de clasificación 338.98
Número del ítem G79s
100 1# - ASIENTO PRINCIPAL--NOMBRE PERSONAL
Nombre personal Green, Duncan.
9 (RLIN) 58232
245 10 - MENCION DE TITULO
Título Silent revolution :
Parte restante del título the rise of market economics in Latin America /
Mención de responsabilidad Duncan Green.
260 ## - PUBLICACION, DISTRIBUCION, ETC. (PIE DE IMPRENTA)
Lugar de publicación, distribución, etc. London :
Nombre del editor, distribuidor, etc. Cassell :
-- LAB ;
Lugar de publicación, distribución, etc. New York, NY :
Nombre del editor, distribuidor, etc. Distributed in North America by Monthly Review Press,
Fecha de publicación, distribución, etc. 1995
Date of manufacture (1998 printing)
300 ## - DESCRIPCION FISICA
Extensión 266 paginas. :
Otros detalles físicos ill., map ;
Dimensiones 22 cm.
490 1# - MENCION DE SERIE
Mención de serie Global issues
504 ## - NOTA DE BIBLIOGRAFIA, ETC.
Nota de bibliografía Includes bibliographical references (p. 256-259) and index.
650 #0 - ASIENTO SECUNDARIO DE MATERIA - TERMINO TEMATICO
Término temático o nombre geográfico como elemento de entrada Capitalism
Subdivisión geográfica Latin America.
9 (RLIN) 58233
650 #0 - ASIENTO SECUNDARIO DE MATERIA - TERMINO TEMATICO
Término temático o nombre geográfico como elemento de entrada Capitalismo
Subdivisión cronológica latino America
9 (RLIN) 58234
651 #0 - ASIENTO SECUNDARIO DE MATERIA - NOMBRE GEOGRAFICO
Nombre geográfico Latin America
Subdivisión general Economic conditions
Subdivisión cronológica 1982-
9 (RLIN) 58235
651 #0 - ASIENTO SECUNDARIO DE MATERIA - NOMBRE GEOGRAFICO
Nombre geográfico Latino America
Subdivisión general Condiciones economicas
9 (RLIN) 58236
651 #0 - ASIENTO SECUNDARIO DE MATERIA - NOMBRE GEOGRAFICO
Nombre geográfico Latin America
Subdivisión general Economic policy.
9 (RLIN) 58237
651 #0 - ASIENTO SECUNDARIO DE MATERIA - NOMBRE GEOGRAFICO
Nombre geográfico Latino America
Subdivisión general Politica economica
9 (RLIN) 58238
942 ## - ELEMENTOS ADICIONALES (KOHA)
Sistema de clasificación Dewey Decimal Classification
Tipo de ítem Libro
Existencias
Withdrawn status Lost status Sistema de Clasificación Damaged status No para préstamo Colección Inventariado Ubicación Permanente Ubicación actual Fecha de adquisición Fuente de Valor Valor Total Checkouts Número topográfico Inventario / Código de Barras Date last seen Ejemplar Price effective from Forma de adquisición Tipo de material
    Dewey Decimal Classification     General Inventariado 2017 Bogotá Bogotá 12/06/2007 Instituto 39000.00   LB-338.98 G79s 024477 04/12/2012 Ej.1 04/12/2012   Libro